000 00636nam a22002175i 4500
001 168667
003 ES-MaACL
005 20230906213843.0
008 080430s2007 sp |||| | spa d
020 _a978-84-08-07116-7
080 _a821.134.2-31"19"
100 1 _aTorres, Maruja.
_9137746
245 1 3 _aLa amante en guerra /
_cMaruja Torres.
250 _a1ª ed.
260 _aBarcelona :
_bPlaneta,
_c2007.
300 _a222 p. ;
_c24 cm.
490 1 _aAutores españoles e iberoamericanos
830 0 _aAutores españoles e iberoamericanos
_9119106
852 _aES-MaACL
_jL-29423
_9R.138842
999 _c168667
_d168667